Shakespeare by Haiku Quiz Stats

 Plays Quiz Updated Dec 5, 2014

Also try: Books by Haiku
Challenge
Share
Tweet
Embed
Score 0/20 Timer 05:00
0 Plays Today
Haiku Play % Correct
Worst romance ever? / A plague on both your houses! / West Side Story tooRomeo and Juliet
99.3%
Something's rotten here / A murdered king haunts his son / Said son seeks revengeHamlet
91.7%
Sexism runs wild / Why does she need to be tamed? / A battle of witsThe Taming of the Shrew
79.6%
Fairies abound here / Love and love potions don't mix / One man is an ass?A Midsummer Night's Dream
79.1%
The lady goes mad / Maybe she could use some bleach / Can you change your fate? Macbeth
74.2%
Assassination / Conspiracy and treason / Based on historyJulius Caesar
61.9%
A game for marriage / Portia, in drag, saves a man / Hath not a Jew eyes?The Merchant of Venice
60.7%
Henry desires France / Summer of constant unknowns / Success now, then lossHenry V
55.3%
A shipwrecked maiden / Shakespeare in Love ends with this / She finds her brotherTwelfth Night
45.7%
Light comic relief / Hero and heroine: same / Wedding goes afoulMuch Ado About Nothing
41.3%
Haiku Play % Correct
Numerous women / Money with love intertwines / Autumn for FalstaffThe Merry Wives of Windsor
31.6%
Woodlands in the spring / Brothers hide out from brothers / Love the way you wantAs You Like It
23.7%
Willful young Prince Hal / Gets a reality shock / Father dies - he's kingHenry IV, Part 2
23.5%
Rich Greek gentleman / Gives away all his money / Lives like a hermitTimon of Athens
21.8%
This unlucky king / Fights France and his nephew / Marriage brings no peaceKing John
18.2%
Strict new judge rules now / Death for sex, but sex can save / The duke's Lodowick?Measure for Measure
16.9%
Angry, violent king / Believes wife and friend lovers / Wife dies - or does she?The Winter's Tale
15.9%
Give up all pleasure? / Not when a French princess comes / Sudden death at endLove's Labour's Lost
12.7%
Princes woo women / Everlasting war goes on / Winter strikes young loveTroilus and Cressida
6.3%
Older Rapunzel / Maiden is locked in tower / Without long hair thoughThe Two Gentlemen of Verona
4.2%

You're not logged in!

Compare scores with friends on all Sporcle quizzes.
OR
Log In

You Might Also Like...

Show Comments

Extras

Top Quizzes Today


Score Distribution

Your Account Isn't Verified!

In order to create a playlist on Sporcle, you need to verify the email address you used during registration. Go to your Sporcle Settings to finish the process.

Report this User

Report this user for behavior that violates our Community Guidelines.

Details: